| 000 | 00380nam a22001697a 4500 | ||
|---|---|---|---|
| 003 | OSt | ||
| 005 | 20211130093620.0 | ||
| 008 | 211130b |||||||| |||| 00| 0 eng d | ||
| 020 | _a025607007 | ||
| 040 | _cHU | ||
| 082 | _a657 | ||
| 100 |
_aSCHROEDER G. RICHARD. _921038 |
||
| 245 | _aACCOUNTING . | ||
| 260 |
_aLONDON _bINC _c1987 |
||
| 300 | _a783 | ||
| 942 |
_2ddc _cBOOKS _n0 |
||
| 999 |
_c20667 _d20667 |
||